000 01044nam a2200289 a 4500
001 000020879
005 20200930011200.0
008 100818s1977 mx 000 0 spa d
040 _aDO-SdBNP
_bspa
_cBNPHU
082 _a891.733
_bD724n, 1977
100 1 _aDostoevskiï, Fiodor Mijaïlovich,
_d1821-1881
_943756
245 1 0 _aNovelas y cuentos /
_cDostoiewsky y Tolstoy ; estudios preliminares por Ignacio Millán y José E. Iturriaga ; traducciones de Ricardo Baeza, Alfonso Nadal y Vera Macarov.
250 _a10a ed.
260 _aMéxico :
_bCumbre,
_c1977.
300 _aLx, 1-377 p. ;
_c21 cm.
490 1 _aLos clásicos
650 4 _aNovela rusa
_94742
650 4 _aLiteratura rusa
_94743
700 1 _aTolstoï, Lev Nikolaevich,
_d1828-1910
_943757
700 1 _aMillán, Ignacio,
_943758
700 1 _aIturriaga, José E.,
_943759
700 1 _aBaeza, Ricardo,
_etr.
_d(1890-1956)
_943754
700 1 _aNadal, Alfonso,
_etr.
_943760
700 1 _aMacarov, Vera,
_etr.
_943761
830 0 _aLos clásicos
_943697
049 _aBNGR
999 _c20382
_d20382